| 000 | 00632nam a22001817a 4500 | ||
|---|---|---|---|
| 003 | BUBTL | ||
| 008 | 190706b xxu||||| |||| 00| 0 eng d | ||
| 020 | _a9847025402669 | ||
| 082 | _a891.441 / HAM | ||
| 100 |
_92365 _aহাসনাত, আবুল |
||
| 245 |
_aমুক্তিযুদ্ধের কবিতা / _cআবুল হাসনাত |
||
| 260 |
_aঢাকা _bকালিকলম প্রকাশনা, _cc2011 |
||
| 300 |
_a239 p. : _c21 cm. |
||
| 650 | 0 |
_91755 _aমুক্তিযুদ্ধ |
|
| 856 |
_k0 _l0 _yDownload |
||
| 942 |
_2ddc _cBK |
||
| 999 |
_c6090 _d6090 |
||